000 00435nam a2200169Ia 4500
001 23357
005 20260414150932.0
008 260414t2015||||xx |||||||||||||| ||spa||
041 _aESP
082 _a629.892
_bA75
100 _aArnaez Braschi, Enrique
_eAUT
245 0 _aEnfoque práctico de la teoría de robots :
_bcon aplicaciones en Matlab
260 _c2015
650 _aCNM
654 _aCCN
942 _cLIB
_dJUS
_fJUS
_2ddc
_n
999 _c23357
_d23357